مكتبة جامعة عجلون الوطنية

فهرس بحث المكتبة

Normal view MARC view
  • مخلوف، حسنين محمد، م. مشارك ابي زكريا يحيى بن شرف الدين النووي الشافعي

Entry Personal Name

Number of records used in: 1

001 - CONTROL NUMBER

  • control field: 26893

003 - CONTROL NUMBER IDENTIFIER

  • control field: JO-AjAnu

005 - DATE AND TIME OF LATEST TRANSACTION

  • control field: 20230606074557.0

008 - FIXED-LENGTH DATA ELEMENTS

  • fixed length control field: 230606|| aca||aabn | a|a d

040 ## - CATALOGING SOURCE

  • Original cataloging agency: JO-AjAnu
  • Transcribing agency: JO-AjAnu

100 ## - HEADING--PERSONAL NAME

  • Personal name: مخلوف، حسنين محمد، م. مشارك ابي زكريا يحيى بن شرف الدين النووي الشافعي

670 ## - SOURCE DATA FOUND

  • Source citation: Work cat.: (JO-AjAnu)13814: مخلوف، حسنين محمد، م. مشارك ابي زكريا يحيى بن شرف الدين النووي الشافعي, author, المصحف المفسر: تفسير وبيان كلمات القرآن الكريم: مذيلا به التبيان في آداب حملة القرآن